[Event "CAN-ch"]
[Site "Kitchener"]
[Date "2007.08.05"]
[Round "8"]
[White "Predescu, Sebastian"]
[Black "Livshits, Ron"]
[Result "0-1"]
[WhiteElo "2236"]
[BlackElo "2316"]
[PlyCount "80"]
[EventDate "2007.08.01"]
[EventType "swiss"]
[EventRounds "9"]
[EventCountry "CAN"]
[SourceTitle "EXT 2022"]
[Source "ChessBase"]
[SourceDate "2021.10.06"]
[SourceVersion "1"]
[SourceVersionDate "2021.10.06"]
[SourceQuality "1"]

1. e4 c5 2. Nf3 d6 3. d4 cxd4 4. Nxd4 Nf6 5. Nc3 a6 6. Be3 e6 7. Be2 Be7 8. a4 Nc6 9. 0-0 Qc7 10. f4 0-0 11. Kh1 Re8 12. Bf3 Bf8 13. g4 Nxd4 14. Bxd4 e5 15. Be3 d5 16. Nxd5 Nxd5 17. exd5 exf4 18. Bf2 a5 19. b3 Ra6 20. c4 Rg6 21. Rg1 Bd7 22. Ra2 Bc5 23. Bxc5 Qxc5 24. Re2 Re3 25. Rge1 h5 26. gxh5 Rg5 27. Rg2 Rxg2 28. Kxg2 Qe7 29. Rxe3 fxe3 30. d6 Qh4 31. Qe2 Bh3+ 32. Kg1 Qd4 33. Kh1 b6 34. Qe1 Kf8 35. Bg2 Bg4 36. h3 e2 37. d7 Ke7 38. Kh2 Qd1 39. Qh4+ f6 40. Qxg4 Qd6+ 0-1

[Event "CAN-ch"]
[Site "Kitchener"]
[Date "2007.08.03"]
[Round "4"]
[White "Hua, Lefong"]
[Black "Predescu, Sebastian"]
[Result "1/2-1/2"]
[WhiteElo "2323"]
[BlackElo "2236"]
[PlyCount "160"]
[EventDate "2007.08.01"]
[EventType "swiss"]
[EventRounds "9"]
[EventCountry "CAN"]
[SourceTitle "EXT 2022"]
[Source "ChessBase"]
[SourceDate "2021.10.06"]
[SourceVersion "1"]
[SourceVersionDate "2021.10.06"]
[SourceQuality "1"]

1. d4 Nf6 2. c4 g6 3. Nc3 Bg7 4. e4 d6 5. f4 0-0 6. Nf3 c5 7. d5 e6 8. Be2 exd5 9. cxd5 Bg4 10. 0-0 Nbd7 11. Re1 Re8 12. h3 Bxf3 13. Bxf3 Qa5 14. Be3 b5 15. a3 Rab8 16. Qc2 Qc7 17. Re2 b4 18. axb4 Rxb4 19. Bf2 Reb8 20. Ra2 c4 21. Rxa7 Qc8 22. e5 Rxb2 23. Qxb2 Rxb2 24. Rxb2 dxe5 25. Rba2 exf4 26. d6 Nf8 27. Nd5 Qe6 28. Nxf6+ Bxf6 29. d7 c3 30. R2a6 Qe7 31. Rc6 Nxd7 32. Rc8+ Kg7 33. Bg4 Qb4 34. Rxd7 Qb1+ 35. Bd1 Be5 36. Rd5 f6 37. h4 f3 38. Rd7+ Kh6 39. Be3+ Kh5 40. Kf2 g5 41. hxg5 fxg5 42. gxf3 Bf4 43. Bxf4 gxf4 44. Rd5+ Kh4 45. Rxc3 Qa2+ 46. Be2 Qxd5 47. Rc4 Kg5 48. Re4 h5 49. Bf1 Qc5+ 50. Kg2 Qc3 51. Re2 Kh4 52. Kf2 Qd4+ 53. Kg2 Qg7+ 54. Kh1 Qa1 55. Kg2 Qc3 56. Kf2 Kg5 57. Kg2 h4 58. Kf2 Qc5+ 59. Kg2 Kf5 60. Kh2 Qc3 61. Bh3+ Kg5 62. Kg2 Qd3 63. Rf2 Qe3 64. Bg4 Qe1 65. Bh3 Kf6 66. Bg4 Ke5 67. Bh3 Kd4 68. Bg4 Ke3 69. Ra2 h3+ 70. Kh2 Qg3+ 71. Kh1 h2 72. Rg2 Qh4 73. Ra2 Qh7 74. Rg2 Qh8 75. Ra2 Qh7 76. Rg2 Qh8 77. Ra2 Qh4 78. Rg2 Qe1+ 79. Kxh2 Qh4+ 80. Kg1 Qe1+ 1/2-1/2

[Event "CAN-ch"]
[Site "Kitchener"]
[Date "2007.08.03"]
[Round "6"]
[White "Predescu, Sebastian"]
[Black "Panjwani, Raja"]
[Result "1/2-1/2"]
[WhiteElo "2236"]
[BlackElo "2283"]
[PlyCount "57"]
[EventDate "2007.08.01"]
[EventType "swiss"]
[EventRounds "9"]
[EventCountry "CAN"]
[SourceTitle "EXT 2022"]
[Source "ChessBase"]
[SourceDate "2021.10.06"]
[SourceVersion "1"]
[SourceVersionDate "2021.10.06"]
[SourceQuality "1"]

1. e4 c5 2. Nf3 d6 3. d4 cxd4 4. Nxd4 Nf6 5. Nc3 a6 6. Be3 e5 7. Nde2 Qc7 8. Ng3 b5 9. Nh5 Nbd7 10. Bd3 b4 11. Nxf6+ Nxf6 12. Nd5 Nxd5 13. exd5 f5 14. a3 Qb7 15. 0-0 Be7 16. axb4 0-0 17. f3 Qxb4 18. Qd2 Qxd2 19. Bxd2 Bd8 20. Be3 Rb8 21. Bxa6 Bb6 22. Rfe1 Bxe3+ 23. Rxe3 Rxb2 24. Rc3 Bb7 25. Bxb7 Rxb7 26. Ra6 Rd8 27. Rcc6 Rbd7 28. Kf2 Kf7 29. Ke3 1/2-1/2

[Event "CAN-ch"]
[Site "Kitchener"]
[Date "2007.08.01"]
[Round "1"]
[White "Hebert, Jean"]
[Black "Predescu, Sebastian"]
[Result "1/2-1/2"]
[WhiteElo "2391"]
[BlackElo "2236"]
[PlyCount "71"]
[EventDate "2007.08.01"]
[EventType "swiss"]
[EventRounds "9"]
[EventCountry "CAN"]
[SourceTitle "EXT 2022"]
[Source "ChessBase"]
[SourceDate "2021.10.06"]
[SourceVersion "1"]
[SourceVersionDate "2021.10.06"]
[SourceQuality "1"]

1. Nf3 Nf6 2. c4 g6 3. Nc3 Bg7 4. e4 d6 5. d4 0-0 6. Be2 e5 7. Be3 Na6 8. d5 Ng4 9. Bg5 f6 10. Bh4 Qe8 11. h3 Nh6 12. g4 f5 13. gxf5 gxf5 14. Rg1 Kh8 15. Qd2 f4 16. 0-0-0 Bf6 17. Bxf6+ Rxf6 18. Ng5 c6 19. dxc6 bxc6 20. Qxd6 Rxd6 21. Rxd6 Kg7 22. c5 Nxc5 23. Ne6+ Kh8 24. Nxc5 Nf7 25. Bh5 Bxh3 26. Rf6 Qe7 27. Rxf7 Qxc5 28. Rgg7 Qxf2 29. Rxh7+ Kg8 30. Rfg7+ Kf8 31. Rg5 Qe3+ 32. Kc2 Qf2+ 33. Kc1 Qe3+ 34. Kc2 Qf2+ 35. Kb1 Qe1+ 36. Kc2 1/2-1/2

[Event "CAN-ch"]
[Site "Kitchener"]
[Date "2007.08.01"]
[Round "2"]
[White "Roussel Roozmon, Thomas"]
[Black "Predescu, Sebastian"]
[Result "0-1"]
[WhiteElo "2407"]
[BlackElo "2236"]
[PlyCount "88"]
[EventDate "2007.08.01"]
[EventType "swiss"]
[EventRounds "9"]
[EventCountry "CAN"]
[SourceTitle "EXT 2022"]
[Source "ChessBase"]
[SourceDate "2021.10.06"]
[SourceVersion "1"]
[SourceVersionDate "2021.10.06"]
[SourceQuality "1"]

1. d4 Nf6 2. c4 g6 3. Nc3 Bg7 4. e4 d6 5. Bd3 0-0 6. Nge2 c5 7. d5 e6 8. h3 exd5 9. exd5 Na6 10. 0-0 Nc7 11. Bg5 h6 12. Bh4 Rb8 13. f4 Bd7 14. a4 a6 15. Ne4 Bf5 16. N2c3 Bxe4 17. Nxe4 Nce8 18. Qc2 Qd7 19. Nc3 Nc7 20. a5 b5 21. axb6 Rxb6 22. Na4 Rbb8 23. Rab1 Rfe8 24. Be1 Re3 25. Nc3 Nh5 26. Ne2 f5 27. Bd2 Re7 28. b4 Rbe8 29. Rfe1 cxb4 30. Bxb4 a5 31. Bxa5 Na6 32. Kh2 Nc5 33. Bd2 Re3 34. Bxe3 Rxe3 35. Red1 Qe7 36. Ng1 Qh4 37. Ne2 Nxf4 38. Nxf4 Qxf4+ 39. Kg1 Bd4 40. Kh1 Be5 41. Kg1 Qh2+ 42. Kf2 Rf3+ 43. Ke1 Qg1+ 44. Ke2 Qe3# 0-1

[Event "Canadian op"]
[Site "Ottawa"]
[Date "2007.07.07"]
[Round "1"]
[White "Predescu, Sebastian"]
[Black "Kovalyov, Anton"]
[Result "0-1"]
[WhiteElo "2236"]
[BlackElo "2510"]
[PlyCount "80"]
[EventDate "2007.07.07"]
[EventType "swiss"]
[EventRounds "10"]
[EventCountry "CAN"]
[SourceTitle "CBM 119 Extra"]
[Source "ChessBase"]
[SourceDate "2007.09.04"]
[SourceVersion "1"]
[SourceVersionDate "2007.09.04"]
[SourceQuality "1"]

1. e4 c5 2. Nf3 d6 3. d4 cxd4 4. Nxd4 Nf6 5. Nc3 a6 6. Be3 e5 7. Nde2 Be6 8. f4 Ng4 9. Bg1 exf4 10. Nxf4 Ne5 11. Bd3 g6 12. Ncd5 Nbd7 13. Bd4 Bg7 14. c3 0-0 15. 0-0 Nc5 16. Bc2 Rc8 17. b4 Bg4 18. Qe1 Ne6 19. Nxe6 Bxe6 20. Bb6 Qe8 21. Nf6+ Bxf6 22. Rxf6 Qb5 23. Bd4 Nc6 24. Qd2 Nxd4 25. cxd4 Qc6 26. Bd3 Qb6 27. Qb2 Bc4 28. Rd1 Bxd3 29. Rxd3 Rc4 30. a3 Qc6 31. Qe2 Rc1+ 32. Rf1 Re8 33. Re3 Rxf1+ 34. Kxf1 Qc1+ 35. Kf2 Rc8 36. Kf3 Rc2 37. Qe1 Qb2 38. e5 Qxd4 39. exd6 Qf6+ 40. Ke4 Qe6+ 0-1

[Event "Canada zt"]
[Site "Toronto"]
[Date "2006.08.21"]
[Round "4"]
[White "Predescu, Sebastian"]
[Black "Kret, Ted"]
[Result "1-0"]
[WhiteElo "2222"]
[BlackElo "2138"]
[PlyCount "101"]
[EventDate "2006.08.18"]
[EventType "swiss"]
[EventRounds "9"]
[EventCountry "CAN"]
[SourceTitle "CBM 113 Extra"]
[Source "ChessBase"]
[SourceDate "2006.09.14"]
[SourceVersion "1"]
[SourceVersionDate "2006.09.14"]
[SourceQuality "1"]

1. e4 e6 2. d4 d5 3. e5 c5 4. c3 Nc6 5. Nf3 Bd7 6. Be2 Rc8 7. 0-0 Qb6 8. dxc5 Bxc5 9. b4 Be7 10. Bf4 Qd8 11. Qd2 h6 12. h3 g5 13. Be3 Qc7 14. Na3 f6 15. Nb5 Qb8 16. Qd3 f5 17. g4 a6 18. gxf5 Nxe5 19. Nxe5 Bxb5 20. Bh5+ Kf8 21. Qxb5 axb5 22. Nd7+ Kg7 23. Nxb8 Rxb8 24. fxe6 Bf6 25. Rad1 Bxc3 26. Rxd5 Nf6 27. Rc5 Nxh5 28. Rxc3 Rhe8 29. Rc7+ Kg6 30. e7 Kf7 31. Re1 Nf6 32. Ba7 Ra8 33. Rxb7 Nd5 34. a3 Nf4 35. Kh2 Ne6 36. Be3 Rxa3 37. Rxb5 Rxe7 38. Rf5+ Kg6 39. Re5 Kf7 40. b5 Re8 41. b6 Rb3 42. Rd1 Kf6 43. Ra5 Kg6 44. Rd6 Kh5 45. Ra6 Ng7 46. b7 Nf5 47. Rdb6 Rxb6 48. Rxb6 Nxe3 49. fxe3 Rb8 50. Kg3 g4 51. h4 1-0

[Event "Canada zt"]
[Site "Toronto"]
[Date "2006.08.20"]
[Round "3"]
[White "Tremblay, Rejean"]
[Black "Predescu, Sebastian"]
[Result "1-0"]
[WhiteElo "2139"]
[BlackElo "2222"]
[PlyCount "79"]
[EventDate "2006.08.18"]
[EventType "swiss"]
[EventRounds "9"]
[EventCountry "CAN"]
[SourceTitle "CBM 113 Extra"]
[Source "ChessBase"]
[SourceDate "2006.09.14"]
[SourceVersion "1"]
[SourceVersionDate "2006.09.14"]
[SourceQuality "1"]

1. d4 Nf6 2. c4 g6 3. Nc3 Bg7 4. e4 d6 5. Be2 0-0 6. Nf3 e5 7. dxe5 dxe5 8. Qxd8 Rxd8 9. Bg5 Nbd7 10. 0-0-0 Rf8 11. h3 c6 12. Be3 Re8 13. Ne1 b6 14. Nc2 Bf8 15. b4 Bb7 16. Rd2 c5 17. b5 Bg7 18. f3 Nf8 19. Nd5 Ne6 20. Kb2 Nxd5 21. cxd5 Nd4 22. Bxd4 exd4 23. Kb3 Bh6 24. Rdd1 Bxd5+ 25. Bc4 Bb7 26. Ne1 Bf4 27. Nd3 Bg3 28. a4 g5 29. Nc1 Kg7 30. Ne2 Bc7 31. g4 h5 32. gxh5 f5 33. Rhg1 Kf6 34. h4 g4 35. fxg4 fxe4 36. Rgf1+ Ke5 37. Rf5+ Kd6 38. Nxd4 Bd8 39. Nc6+ Kc7 40. Rf7+ 1-0

[Event "Canadian op"]
[Site "Kitchener"]
[Date "2006.07.22"]
[Round "8"]
[White "Bareev, Evgeny"]
[Black "Predescu, Sebastian"]
[Result "1-0"]
[WhiteElo "2683"]
[BlackElo "2222"]
[PlyCount "55"]
[EventDate "2006.07.15"]
[EventType "swiss"]
[EventRounds "9"]
[EventCountry "CAN"]
[SourceTitle "CBM 113 Extra"]
[Source "ChessBase"]
[SourceDate "2006.09.14"]
[SourceVersion "1"]
[SourceVersionDate "2006.09.14"]
[SourceQuality "1"]

1. d4 Nf6 2. c4 g6 3. Nc3 Bg7 4. e4 d6 5. h3 0-0 6. Bg5 c5 7. d5 e6 8. Bd3 exd5 9. cxd5 Re8 10. Nf3 a6 11. a4 Qa5 12. 0-0 Nbd7 13. Re1 Qb4 14. Qc2 c4 15. Bf1 Rb8 16. a5 b6 17. axb6 Nc5 18. Nd2 Nb3 19. Ra4 Nd4 20. Qc1 Qxb6 21. Nxc4 Qd8 22. Nxd6 Qxd6 23. e5 Qb6 24. exf6 Rxe1 25. Qxe1 Bxf6 26. Bxf6 Qxf6 27. Qe8+ Kg7 28. Ne4 1-0

[Event "Canadian op"]
[Site "Kitchener"]
[Date "2006.07.19"]
[Round "5"]
[White "Predescu, Sebastian"]
[Black "Arandia, Henry"]
[Result "1-0"]
[WhiteElo "2222"]
[BlackElo "2052"]
[PlyCount "43"]
[EventDate "2006.07.15"]
[EventType "swiss"]
[EventRounds "9"]
[EventCountry "CAN"]
[SourceTitle "CBM 113 Extra"]
[Source "ChessBase"]
[SourceDate "2006.09.14"]
[SourceVersion "1"]
[SourceVersionDate "2006.09.14"]
[SourceQuality "1"]

1. e4 d5 2. exd5 Qxd5 3. d4 e5 4. dxe5 Qxe5+ 5. Be2 Bg4 6. Be3 Bxe2 7. Qxe2 Be7 8. Nc3 Nc6 9. Nf3 Qa5 10. 0-0-0 Nf6 11. Nd4 0-0 12. Nxc6 bxc6 13. Qc4 Rab8 14. Qxc6 Ng4 15. Bd4 Bd6 16. Rhe1 Rfd8 17. Qc4 h5 18. Nd5 Kf8 19. h3 Nh6 20. Bc3 Qc5 21. Qh4 c6 22. Bxg7+ 1-0

[Event "Canadian op"]
[Site "Kitchener"]
[Date "2006.07.18"]
[Round "4"]
[White "Krnan, Tomas"]
[Black "Predescu, Sebastian"]
[Result "1-0"]
[WhiteElo "2399"]
[BlackElo "2222"]
[PlyCount "115"]
[EventDate "2006.07.15"]
[EventType "swiss"]
[EventRounds "9"]
[EventCountry "CAN"]
[SourceTitle "CBM 113 Extra"]
[Source "ChessBase"]
[SourceDate "2006.09.14"]
[SourceVersion "1"]
[SourceVersionDate "2006.09.14"]
[SourceQuality "1"]

1. e4 c5 2. Nf3 d6 3. d4 cxd4 4. Nxd4 Nf6 5. Nc3 a6 6. Bc4 e6 7. Bb3 Nbd7 8. Bg5 h6 9. Bh4 Qa5 10. 0-0 Qh5 11. Qxh5 Nxh5 12. f3 Nc5 13. Rad1 g5 14. Bf2 Bd7 15. Rfe1 Rc8 16. e5 d5 17. Nce2 Bg7 18. g4 Nf4 19. Nxf4 gxf4 20. c3 0-0 21. Nc2 Nxb3 22. axb3 f5 23. exf6 Bxf6 24. Bd4 Rce8 25. Bxf6 Rxf6 26. Re5 Kf7 27. Rd4 Bc6 28. Nb4 Rf8 29. h4 a5 30. Nd3 Ke7 31. h5 Kd6 32. Re1 b6 33. Kf2 R8f7 34. b4 Bb5 35. Ne5 Rc7 36. Ng6 Rc4 37. Rxc4 Bxc4 38. bxa5 bxa5 39. Kg2 Bd3 40. Ne5 Be4 41. Nc4+ dxc4 42. Rxe4 Kd5 43. Kh3 e5 44. Kh4 Rb6 45. g5 hxg5+ 46. Kxg5 Ke6 47. Re2 Rb8 48. h6 Rg8+ 49. Kh5 Rh8 50. Rg2 Kf6 51. Rg6+ Kf5 52. Rg5+ Kf6 53. Rg6+ Kf5 54. Ra6 Rb8 55. h7 Rxb2 56. Rf6+ Kxf6 57. h8Q+ Ke6 58. Qg8+ 1-0

[Event "Kingston city match 4"]
[Site "Kingston"]
[Date "2005.09.10"]
[Round "3"]
[White "Noritsyn, Nikolay"]
[Black "Predescu, Sebastian"]
[Result "1/2-1/2"]
[WhiteElo "2262"]
[BlackElo "2235"]
[PlyCount "98"]
[EventDate "2005.09.10"]
[EventType "swiss"]
[EventRounds "3"]
[EventCountry "CAN"]
[SourceTitle "EXT 2022"]
[Source "ChessBase"]
[SourceDate "2021.10.06"]
[SourceVersion "1"]
[SourceVersionDate "2021.10.06"]
[SourceQuality "1"]

1. e4 c5 2. Nf3 d6 3. d4 cxd4 4. Nxd4 Nf6 5. Bd3 e5 6. Nf3 Be7 7. 0-0 0-0 8. c4 Nc6 9. Nc3 h6 10. Be3 Ng4 11. Bd2 f5 12. h3 fxe4 13. Nxe4 Nf6 14. Nxf6+ Rxf6 15. Qe2 Be6 16. b4 Qc7 17. b5 Nb8 18. c5 Nd7 19. cxd6 Bxd6 20. Rac1 Qb6 21. Bc4 Bxc4 22. Qxc4+ Kh8 23. Be3 Qd8 24. Rfd1 Qe7 25. Qe4 Nc5 26. Bxc5 Bxc5 27. Rd5 Rf4 28. Qe2 b6 29. Rxe5 Qf7 30. Rc2 Rf8 31. Re4 Rf6 32. Kh2 Kh7 33. Rcc4 Qd7 34. a4 Qd5 35. Rc2 Qf7 36. Kh1 Qb7 37. Qd3 Kg8 38. Rce2 Rd6 39. Qc2 Qd7 40. Ne5 Rd1+ 41. Kh2 Qd6 42. f4 Bg1+ 43. Kg3 g5 44. fxg5 hxg5 45. Rg4 Qa3+ 46. Nf3 Qd6+ 47. Ne5 Qa3+ 48. Nf3 Qd6+ 49. Ne5 Qa3+ 1/2-1/2

[Event "Guelph op"]
[Site "Guelph"]
[Date "2005.07.29"]
[Round "3"]
[White "Kulic, Sasa"]
[Black "Predescu, Sebastian"]
[Result "1-0"]
[WhiteElo "2133"]
[BlackElo "2235"]
[PlyCount "85"]
[EventDate "2005.07.28"]
[EventType "swiss"]
[EventRounds "9"]
[EventCountry "CAN"]
[SourceTitle "CBM 107 Extra"]
[Source "ChessBase"]
[SourceDate "2005.09.01"]
[SourceVersion "1"]
[SourceVersionDate "2005.09.01"]
[SourceQuality "1"]

1. e4 c5 2. Nf3 d6 3. d4 cxd4 4. Nxd4 Nf6 5. Nc3 a6 6. Be2 e5 7. Nb3 Be7 8. Bg5 Be6 9. Bxf6 Bxf6 10. Qd3 Nc6 11. 0-0-0 Nd4 12. Nxd4 exd4 13. Nd5 Bxd5 14. exd5 0-0 15. Qf3 Re8 16. Bd3 Re5 17. Kb1 Qa5 18. g4 Rae8 19. h4 Qxd5 20. Qxd5 Rxd5 21. g5 Bd8 22. f4 b5 23. b4 Kf8 24. Rde1 f5 25. Rxe8+ Kxe8 26. Re1+ Kf7 27. Kc1 a5 28. a3 Bb6 29. Kd2 Kf8 30. Rb1 Ke7 31. Bf1 d3 32. c3 axb4 33. axb4 Bf2 34. Bg2 Ke6 35. Bxd5+ Kxd5 36. Kxd3 Bxh4 37. Rh1 Bg3 38. Ke3 h6 39. Kf3 hxg5 40. Kxg3 gxf4+ 41. Kxf4 Kc4 42. Rh3 g6 43. Kg5 1-0

[Event "Guelph op"]
[Site "Guelph"]
[Date "2005.07.29"]
[Round "4"]
[White "Plotkin, Victor"]
[Black "Predescu, Sebastian"]
[Result "1/2-1/2"]
[WhiteElo "2192"]
[BlackElo "2235"]
[PlyCount "128"]
[EventDate "2005.07.28"]
[EventType "swiss"]
[EventRounds "9"]
[EventCountry "CAN"]
[SourceTitle "CBM 107 Extra"]
[Source "ChessBase"]
[SourceDate "2005.09.01"]
[SourceVersion "1"]
[SourceVersionDate "2005.09.01"]
[SourceQuality "1"]

1. e4 c5 2. c3 Nf6 3. e5 Nd5 4. d4 cxd4 5. Nf3 e6 6. cxd4 d6 7. Bc4 Nc6 8. 0-0 Be7 9. exd6 Qxd6 10. Nc3 Nxc3 11. bxc3 0-0 12. Bb3 b6 13. Qd3 Bb7 14. Bc2 g6 15. Re1 Rfd8 16. Ng5 Bxg5 17. Bxg5 Ne7 18. Qh3 Rd7 19. Re3 Nd5 20. Re4 f5 21. Re5 Rc8 22. Bd2 Ba6 23. Rae1 Re7 24. Qg3 Qd7 25. h4 Bc4 26. h5 Kf7 27. Qh4 Rg8 28. a3 Ree8 29. h6 Qe7 30. Qxe7+ Rxe7 31. f3 Rc8 32. g4 Ree8 33. Kf2 Nf6 34. Rg1 Rg8 35. Ba4 a6 36. g5 b5 37. Bc2 Nd7 38. Ree1 Nb6 39. Ra1 Bd5 40. Rgb1 Nc4 41. Be1 Nd6 42. a4 Ra8 43. axb5 axb5 44. Bd2 Rgc8 45. Bd3 Ba2 46. Rb4 Ke7 47. Bxb5 Nxb5 48. Rxb5 Bd5 49. Rba5 Rxa5 50. Rxa5 Ra8 51. Rc5 Kd7 52. Bf4 Rc8 53. Ra5 Ra8 54. Rc5 Rc8 55. Ke3 Rxc5 56. dxc5 e5 57. Bxe5 Ke6 58. f4 Bg2 59. Kd4 Bc6 60. Kc4 Be8 61. Bd6 Bc6 62. Kb4 Kd7 63. Ka5 Bd5 64. Kb6 Bc6 1/2-1/2

[Event "Guelph op"]
[Site "Guelph"]
[Date "2005.07.28"]
[Round "2"]
[White "Predescu, Sebastian"]
[Black "Cazelais, Marc"]
[Result "0-1"]
[WhiteElo "2235"]
[BlackElo "2203"]
[PlyCount "98"]
[EventDate "2005.07.28"]
[EventType "swiss"]
[EventRounds "9"]
[EventCountry "CAN"]
[SourceTitle "CBM 107 Extra"]
[Source "ChessBase"]
[SourceDate "2005.09.01"]
[SourceVersion "1"]
[SourceVersionDate "2005.09.01"]
[SourceQuality "1"]

1. e4 c5 2. Nf3 Nc6 3. d4 cxd4 4. Nxd4 Nf6 5. Nc3 e5 6. Ndb5 d6 7. Nd5 Nxd5 8. exd5 Ne7 9. c4 Ng6 10. Bd3 a6 11. Nc3 Be7 12. 0-0 0-0 13. Be3 f5 14. f3 Bg5 15. Bf2 Bd7 16. b4 Rc8 17. c5 Nf4 18. Bc4 Kh8 19. Ne2 Ng6 20. Qb3 Be7 21. c6 bxc6 22. Bxa6 Rb8 23. Bc4 cxd5 24. Bxd5 Bb5 25. Rfe1 Bxe2 26. Rxe2 Nf4 27. Rd2 Bg5 28. Rdd1 Bh4 29. Be3 Bg5 30. b5 Ne2+ 31. Kf1 Bxe3 32. Qxe3 Nd4 33. Rxd4 exd4 34. Qd3 Qh4 35. h3 Rfe8 36. Bc6 Re3 37. Qd2 Qf4 38. Rd1 d3 39. Qf2 d5 40. Rd2 Qe5 41. g3 h6 42. f4 Qa1+ 43. Kg2 d4 44. Qf1 Qc3 45. Qf2 Rc8 46. a4 Rxc6 47. bxc6 Qxc6+ 48. Kg1 Qxa4 49. Qg2 Re2 0-1

[Event "Montreal op"]
[Site "Montreal"]
[Date "2005.07.22"]
[Round "6"]
[White "Larochelle, Martial"]
[Black "Predescu, Sebastian"]
[Result "0-1"]
[WhiteElo "2140"]
[BlackElo "2234"]
[PlyCount "70"]
[EventDate "2005.07.15"]
[EventType "swiss"]
[EventRounds "9"]
[EventCountry "CAN"]
[SourceTitle "EXT 2007"]
[Source "ChessBase"]
[SourceDate "2006.11.23"]
[SourceVersion "1"]
[SourceVersionDate "2006.11.23"]
[SourceQuality "1"]

1. c4 g6 2. d4 Nf6 3. Nc3 Bg7 4. e4 d6 5. Be2 0-0 6. Nf3 e5 7. d5 a5 8. Bg5 h6 9. Bh4 Na6 10. Nd2 Qe8 11. 0-0 Nh7 12. a3 Bd7 13. Kh1 a4 14. Nb5 h5 15. f3 Bh6 16. Qc2 Be3 17. Rad1 Bxb5 18. cxb5 Nc5 19. Nc4 Bd4 20. b6 Qd7 21. f4 f6 22. fxe5 fxe5 23. bxc7 Qxc7 24. Bg3 Rxf1+ 25. Bxf1 Rf8 26. Be2 Bf2 27. Bxf2 Rxf2 28. Nxe5 Qe7 29. Nxg6 Qg5 30. Nh4 Qxh4 31. e5 Qg5 32. g3 Qxe5 33. Qg6+ Kh8 34. Bxh5 Qxb2 35. Qe8+ Nf8 0-1

[Event "Montreal op"]
[Site "Montreal"]
[Date "2005.07.20"]
[Round "4"]
[White "Predescu, Sebastian"]
[Black "Hebert, Jean"]
[Result "0-1"]
[WhiteElo "2234"]
[BlackElo "2405"]
[PlyCount "102"]
[EventDate "2005.07.15"]
[EventType "swiss"]
[EventRounds "9"]
[EventCountry "CAN"]
[SourceTitle "EXT 2007"]
[Source "ChessBase"]
[SourceDate "2006.11.23"]
[SourceVersion "1"]
[SourceVersionDate "2006.11.23"]
[SourceQuality "1"]

1. e4 g6 2. d4 d6 3. Nc3 c6 4. Be3 Bg7 5. Qd2 b5 6. Bd3 Nd7 7. f4 Ngf6 8. Nf3 Nb6 9. e5 Nfd5 10. Nxd5 Nxd5 11. 0-0-0 Rb8 12. f5 Nxe3 13. Qxe3 gxf5 14. Qg5 0-0 15. g4 h6 16. Qh5 fxg4 17. Nh4 e6 18. Rhg1 Qg5+ 19. Qxg5 hxg5 20. Rxg4 f6 21. exf6 Bxf6 22. Nf3 e5 23. Rg3 g4 24. dxe5 Bg7 25. Nd2 Bxe5 26. Rg2 Rb7 27. Be2 Rg7 28. Rf1 d5 29. c3 a5 30. Nb3 Rxf1+ 31. Bxf1 a4 32. Nd4 Bxd4 33. cxd4 Rf7 34. Be2 Rf4 35. h3 Rxd4 36. hxg4 Kg7 37. Kc2 b4 38. Rf2 Re4 39. Rg2 Bd7 40. b3 a3 41. Kd2 c5 42. Bf3 Re5 43. Rg1 Be6 44. Kd3 Bd7 45. Rc1 Bb5+ 46. Kd2 c4 47. bxc4 dxc4 48. Rb1 b3 49. axb3 a2 50. Ra1 cxb3 51. Kc1 Be2 0-1

[Event "Guelph op 3rd"]
[Site "Guelph"]
[Date "2004.08.02"]
[Round "9"]
[White "Predescu, Sebastian"]
[Black "Henry, Liam"]
[Result "0-1"]
[WhiteElo "2221"]
[BlackElo "2062"]
[PlyCount "56"]
[EventDate "2004.07.28"]
[EventType "swiss"]
[EventRounds "9"]
[EventCountry "CAN"]
[SourceTitle "CBM 101 Extra"]
[Source "ChessBase"]
[SourceDate "2004.09.01"]
[SourceVersion "2"]
[SourceVersionDate "2004.09.01"]
[SourceQuality "1"]

1. e4 c5 2. Nf3 d6 3. d4 cxd4 4. Nxd4 Nf6 5. Nc3 a6 6. f3 e5 7. Nb3 Be6 8. Be3 Nbd7 9. Qd2 b5 10. 0-0-0 Nb6 11. Qf2 Nc4 12. Bxc4 bxc4 13. Nc5 Qc7 14. N5a4 Rb8 15. g4 Nd7 16. g5 Qc6 17. a3 Be7 18. f4 exf4 19. Bxf4 0-0 20. h4 Nb6 21. Nxb6 Rxb6 22. Nd5 Bxd5 23. exd5 Qb5 24. c3 Rfb8 25. Rd2 Qb3 26. Rc2 Qa2 27. Re1 Rxb2 28. Rxe7 Qb1+ 0-1

[Event "Guelph op 3rd"]
[Site "Guelph"]
[Date "2004.08.01"]
[Round "8"]
[White "Filipovich, David"]
[Black "Predescu, Sebastian"]
[Result "1/2-1/2"]
[WhiteElo "2210"]
[BlackElo "2221"]
[PlyCount "59"]
[EventDate "2004.07.28"]
[EventType "swiss"]
[EventRounds "9"]
[EventCountry "CAN"]
[SourceTitle "CBM 101 Extra"]
[Source "ChessBase"]
[SourceDate "2004.09.01"]
[SourceVersion "2"]
[SourceVersionDate "2004.09.01"]
[SourceQuality "1"]

1. Nf3 Nf6 2. g3 g6 3. Bg2 Bg7 4. 0-0 0-0 5. d4 d6 6. b3 Nbd7 7. Bb2 c6 8. Nbd2 Qc7 9. e4 e5 10. Re1 b5 11. a4 Bb7 12. c4 bxa4 13. Rxa4 c5 14. dxe5 dxe5 15. Qc2 Rfe8 16. Nb1 Nb8 17. Nc3 Nc6 18. Nd5 Qc8 19. Nd2 Nd7 20. Bh3 Qd8 21. Bc3 Nb6 22. Raa1 Nd4 23. Bxd4 exd4 24. Rab1 a5 25. Bg2 Bxd5 26. cxd5 Bf8 27. Ra1 Bd6 28. f4 f6 29. Bh3 Qc7 30. Be6+ 1/2-1/2

[Event "Guelph op 3rd"]
[Site "Guelph"]
[Date "2004.07.31"]
[Round "6"]
[White "Predescu, Sebastian"]
[Black "Dougherty, Michael J"]
[Result "1/2-1/2"]
[WhiteElo "2221"]
[BlackElo "2229"]
[PlyCount "115"]
[EventDate "2004.07.28"]
[EventType "swiss"]
[EventRounds "9"]
[EventCountry "CAN"]
[SourceTitle "CBM 101 Extra"]
[Source "ChessBase"]
[SourceDate "2004.09.01"]
[SourceVersion "2"]
[SourceVersionDate "2004.09.01"]
[SourceQuality "1"]

1. e4 c5 2. Nf3 Nc6 3. d4 cxd4 4. Nxd4 Nf6 5. Nc3 d6 6. Bc4 Qb6 7. Nb3 e6 8. Be3 Qc7 9. Bd3 a6 10. a4 b6 11. 0-0 Be7 12. f4 0-0 13. g4 Nd7 14. g5 Re8 15. Rf3 g6 16. Rh3 Bf8 17. Qe1 Bg7 18. Qh4 Nf8 19. Rf1 Nb4 20. Bd2 Nxd3 21. cxd3 Bb7 22. Rc1 Qd7 23. Qf2 Rab8 24. a5 bxa5 25. Nxa5 Ba8 26. Nc4 d5 27. Nb6 Rxb6 28. Qxb6 dxe4 29. Qxa6 Bd4+ 30. Kf1 e5 31. Rg3 exf4 32. Bxf4 Qf5 33. Ne2 Ne6 34. Qa4 Rd8 35. dxe4 Bxe4 36. Ke1 Bxb2 37. Rc4 Bd3 38. Rb4 Be5 39. Re3 Nxf4 40. Rxf4 Bxf4 41. Qxf4 Qb5 42. Re5 Qc6 43. Kf2 Bxe2 44. Rxe2 Qd5 45. h4 Qc5+ 46. Kg2 Qd5+ 47. Kf2 Qd4+ 48. Qxd4 Rxd4 49. Kg3 Rd5 50. Rf2 Kg7 51. Rf4 Rd3+ 52. Kg2 Rd6 53. Kg3 f6 54. gxf6+ Rxf6 55. Ra4 h5 56. Ra5 Rb6 57. Ra3 Rb4 58. Rf3 1/2-1/2